Best Picture First Letter Blitz Quiz Stats

 Plays Quiz Updated Apr 25, 2021

     
Support Sporcle.
Go Orange.
Score 0/93 Timer 02:00
1 Play Today
Letter Movie % Correct
GGreen Book
86.4%
GGentleman's Agreement
85%
GGandhi
85%
GThe Godfather
85%
GGladiator
85%
GThe Godfather Part II
85%
GGoing My Way
85%
GThe Greatest Show on Earth
85%
GGigi
85%
GGone with the Wind
85%
GGrand Hotel
85%
GThe Great Ziegfeld
85%
AAll About Eve
79.9%
AAll Quiet on the Western Front
79.9%
AAmerican Beauty
79.9%
AAmadeus
79.9%
AAnnie Hall
79.8%
AAround the World in 80 Days
79.8%
AThe Apartment
79.8%
AAn American in Paris
79.8%
AAll the King's Men
79.9%
AThe Artist
79.8%
AArgo
79.8%
CChariots of Fire
75.8%
CCasablanca
75.8%
CCimarron
75.8%
CCavalcade
75.8%
CCrash
75.8%
CChicago
75.8%
SSchindler's List
69.1%
SShakespeare in Love
69.1%
Letter Movie % Correct
SThe Silence of the Lambs
69.1%
SSlumdog Millionaire
69.1%
SThe Sound of Music
69.1%
SThe Sting
69.1%
SSpotlight
69.1%
SThe Shape of Water
69%
MMidnight Cowboy
61.7%
MA Man for All Seasons
61.7%
MMillion Dollar Baby
61.7%
MMrs. Miniver
61.7%
MMarty
61.7%
MMoonlight
61.7%
MMutiny on the Bounty
61.7%
MMy Fair Lady
61.7%
TTerms of Endearment
59.8%
TTitanic
59.8%
TTwelve Years a Slave
59.8%
TTom Jones
59.8%
BA Beautiful Mind
59%
BBen-Hur
59%
BBirdman or (the Unexpected Virtue of Ignorance)
59%
BBraveheart
59%
BThe Best Years of Our Lives
59%
BThe Bridge on the River Kwai
59%
BThe Broadway Melody
59%
PParasite
52.1%
OOliver!
50.6%
OOn the Waterfront
50.6%
OOut of Africa
50.6%
OOrdinary People
50.6%
OOne Flew Over the Cuckoo's Nest
50.6%
Letter Movie % Correct
DDances with Wolves
48.4%
DThe Deer Hunter
48.4%
DThe Departed
48.4%
DDriving Miss Daisy
48.4%
FForrest Gump
48.4%
FThe French Connection
48.4%
FFrom Here to Eternity
48.4%
KThe King's Speech
41.8%
KKramer vs. Kramer
41.8%
LThe Lord of the Rings: The Return of the King
39.5%
LThe Last Emperor
39.5%
LThe Life of Emile Zola
39.5%
LLawrence of Arabia
39.5%
LThe Lost Weekend
39.5%
PPatton
38.7%
PPlatoon
38.7%
RRain Man
37.7%
RRebecca
37.7%
RRocky
37.7%
NNomadland
35.3%
HHamlet
34.8%
HHow Green Was My Valley
34.8%
HThe Hurt Locker
34.8%
WWest Side Story
31.6%
WWings
31.6%
UUnforgiven
30%
IIn the Heat of the Night
24.1%
IIt Happened One Night
24.1%
NNo Country for Old Men
23.1%
EThe English Patient
21.3%
YYou Can't Take It With You
15%

From the Vault

Popular Website Logic Puzzle

by goseaward

This will be much harder for those of you who have never used the Internet.
Remove Ads.
Support Sporcle.
Get the best of Sporcle when you Go Orange. This ad-free experience offers more features, more stats, and more fun while also helping to support Sporcle. Thank you for becoming a member.

Show Comments

Extras

Top Quizzes Today


Score Distribution

Your Account Isn't Verified!

In order to create a playlist on Sporcle, you need to verify the email address you used during registration. Go to your Sporcle Settings to finish the process.

Report this User

Report this user for behavior that violates our Community Guidelines.

Details: